Library Catalog

The Parthenon sculptures in the British Museum / (Record no. 492744)

MARC details
000 -LEADER
fixed length control field 01090nam a22002297a 4500
003 - CONTROL NUMBER IDENTIFIER
control field OSt
005 - DATE AND TIME OF LATEST TRANSACTION
control field 20260513113708.0
008 - FIXED-LENGTH DATA ELEMENTS--GENERAL INFORMATION
fixed length control field 260513b |||||||| |||| 00| 0 eng d
020 ## - INTERNATIONAL STANDARD BOOK NUMBER
International Standard Book Number 9780714122618
040 ## - CATALOGING SOURCE
Original cataloging agency Kenya National Library Service
082 ## - DEWEY DECIMAL CLASSIFICATION NUMBER
Classification number 733.3 JEN
100 ## - MAIN ENTRY--PERSONAL NAME
Personal name Jenkins, Ian
Relator term author
245 ## - TITLE STATEMENT
Title The Parthenon sculptures in the British Museum /
Statement of responsibility, etc. Ian Jenkins
300 ## - PHYSICAL DESCRIPTION
Extent 144 pages :
Other physical details colour illustrations ;
Dimensions 27x27 cm
520 ## - SUMMARY, ETC.
Summary, etc. The Parthenon sculptures in the British Museum are unrivalled examples of classical Greek art that have inspired sculptors, artists, poets and writers since their creation in the fifth century BC. This book serves as a superb visual introduction to these magnificent sculptures. The book showcases a series of specially taken photographs of the different sculptural elements: the pediments, metopes and Ionic frieze.
650 ## - SUBJECT ADDED ENTRY--TOPICAL TERM
Topical term or geographic name entry element Sculpture ,Museum
650 ## - SUBJECT ADDED ENTRY--TOPICAL TERM
Topical term or geographic name entry element British Museum
650 ## - SUBJECT ADDED ENTRY--TOPICAL TERM
Topical term or geographic name entry element Sculpture-- England
Form subdivision London
942 ## - ADDED ENTRY ELEMENTS (KOHA)
Source of classification or shelving scheme Dewey Decimal Classification
Koha item type Books
Suppress in OPAC No

No items available.

© 2025, Kenya National Library Service | Designed & Maintained by Uvumbuzi Center